The VAT and property guide (Record no. 104776)

MARC details
000 -LEADER
fixed length control field 00911cam a2200241 4500
001 - CONTROL NUMBER
control field ##L131512
008 - FIXED-LENGTH DATA ELEMENTS--GENERAL INFORMATION
fixed length control field 051110n2005 000 0 eng u
020 ## - INTERNATIONAL STANDARD BOOK NUMBER
International Standard Book Number 1903927617
035 ## - SYSTEM CONTROL NUMBER
System control number (Sirsi) u131512
041 0# - LANGUAGE CODE
Language code of text/sound track or separate title eng
050 04 - LIBRARY OF CONGRESS CALL NUMBER
Classification number 336.271 $2 18
100 1# - MAIN ENTRY--PERSONAL NAME
Personal name Finn, Sean
245 04 - TITLE STATEMENT
Title The VAT and property guide
250 ## - EDITION STATEMENT
Edition statement 2nd ed.
260 ## - PUBLICATION, DISTRIBUTION, ETC.
Place of publication, distribution, etc. London
Name of publisher, distributor, etc. Legalease
Date of publication, distribution, etc. 2005
300 ## - PHYSICAL DESCRIPTION
Extent xiv, 198p.
Dimensions 23cm.
350 ## - PRICE (NR) (BK AM CF MU VM SE) [OBSOLETE]
Price 39.95
520 ## - SUMMARY, ETC.
Summary, etc. Presents a practical guide to the VAT treatment of commercial and non-commercial property transactions. The author examines key European and UK case law; the interaction of VAT with Stamp Duty Land Tax; and the latest anti-avoidance legislation. It is targeted at those involved in the property and construction that do not have specialist knowledge of VAT.
590 ## - LOCAL NOTE (RLIN)
Local note IKA310106
690 ## - LOCAL SUBJECT ADDED ENTRY--TOPICAL TERM (OCLC, RLIN)
Topical term or geographic name as entry element PROPERTY-PROPERTY TAXATION
942 ## - ADDED ENTRY ELEMENTS (KOHA)
Suppress in OPAC 0
Holdings
Withdrawn status Lost status Source of classification or shelving scheme Damaged status Not for loan Home library Current library Shelving location Date acquired Cost, normal purchase price Total Checkouts Full call number Barcode Date last seen Date last checked out Copy number Cost, replacement price Price effective from Koha item type
    Dewey Decimal Classification     London London Books 01/02/2006 39.95 8 336.271 FIN 30072415 06/08/2019 31/07/2008 1 39.95 06/08/2019 Book